000 00330nam a2200145Ia 4500
100 _aShigley/Joseph Edward/ Mischke/C.R
942 _cBK
654 _aEngg. Design
245 _aMechanical Engg. Design
260 _bMcGraw Hill
_aNew York
_c1989
082 _a621.815
_bPAN
300 _a779
546 _aENGLISH
999 _c19805
_d19805